Strong women @ 2nd heaven.com / (Record no. 97698)

MARC details
000 -LEADER
fixed length control field 00496nam a22001817a 4500
005 - DATE AND TIME OF LATEST TRANSACTION
control field 20151120120841.0
010 ## - LCCN (DPL NO)
LC control number ENG-114245
020 ## - INTERNATIONAL STANDARD BOOK NUMBER
International Standard Book Number 9789383237326
Terms of availability 595.00
035 ## - SYSTEM CONTROL NUMBER
System control number EN-97777
037 ## - SOURCE OF ACQUISITION
Source of stock number/acquisition DBAD/PUB
082 ## - DEWEY DECIMAL CLASSIFICATION NUMBER
Classification number N
100 ## - MAIN ENTRY--PERSONAL NAME
Personal name Shyam Skha
245 ## - TITLE STATEMENT
Title Strong women @ 2nd heaven.com /
Statement of responsibility, etc by Shyam Skha
260 ## - PUBLICATION, DISTRIBUTION, ETC. (IMPRINT)
Place of publication, distribution, etc Delhi
Name of publisher, distributor, etc Yash Publications
Date of publication, distribution, etc 2014
270 ## - ADDRESS
Address 1/11848, Panchsheel Garden, Naveen Shahdara
City Delhi
Postal code 110032
300 ## - PHYSICAL DESCRIPTION
Extent 183p.
Dimensions 22cm(Hb)
942 ## - ADDED ENTRY ELEMENTS (KOHA)
Source of classification or shelving scheme Dewey Decimal Classification
Item type English Books
Call number suffix SHY
Classification part N
Holdings
Withdrawn status Lost status Not for loan Collection code Home library Current library Date acquired Source of acquisition Cost, normal purchase price Full call number Barcode Copy number Cost, replacement price Koha item type
    Not For Loan Fiction D.B.Act.Division D.B.Act.Division 08/10/2015 DBAD/PUB 595.00 N SHY EN-97777 1 595.00 English Books

© Delhi Public Library
Hit Counter
free hit counter